000 01243nam a2200301 a 4500
999 _c10634
_d10634
001 10634
003 BD-JhCC
005 20221013134022.0
008 020605r20092006cau 001 0 eng d
010 _a 2002008542
020 _a8179925919
035 _a(BD-JhCC)10634
040 _aDLC
_cDLC
_dDLC
_dBD-JhCC
042 _apcc
050 0 0 _aQB985
_b.H39 2002
082 0 0 _a523.1
_221
_bHAW 2009
100 1 _aHawking, Stephen,
_d1942-2018.
245 1 4 _aThe theory of everything :
_bthe origin and fate of the universe /
_cStephen W. Hawking.
260 _aBeverly Hills, CA :
_bNew Millennium Press,
_cc2009.
300 _a132 p. ;
_c22 cm.
500 _aIncludes index.
505 0 _aFirst lecture-ideas about the universe -- Second lecture-the expanding universe -- Third lecture-black holes -- Fourth lecture-black holes ain't so black -- Fifth lecture-the origin and fate of the universe -- Sixth lecture-the direction of time -- Seventh lecture-the theory of everything.
650 0 _aCosmology.
650 0 _aScience
_xPhilosophy.
942 _2ddc
_cBK
_019